00747 caa2200181412450000100100000000500170001000800410002704000250006810000570009324000590015024500270020925000650023626000480030130000330034971000530038295201130043599900170054800001530520200929164016.0820312s1932 cl 000 0 spa  aDO-SdBNPbspacBNPHU1 aBello, Andres,d1781-1865. [from old catalog]93461110aPrincipios de derecho internacional [from old catalog]10aDerecho internacional. aEdicion hecha bajo los auspicios de la Universidad de Chile. a[Santiago de Chile] :bNascimento,c[1932]. a2 p.l., [7]-581 p. ;c25 cm.1 bUniversidad, Santiago. [from old catalog]934612 001052708MOaGRbGRcCTd2010-02-04iLF1l0ov.1p15305-10r2020-06-25w2020-06-25y2ZPréstamo interno c14871d14871